000
00260pab a2200109 454500
008
180718b xxu||||| |||| 00| 0 eng d
100
_a
Ranade, Sudhanshu
245
_a
A leader in the making
650
_a
Politics and Government
773
_a
Hindu
909
_a
23500
999
_c
23500
_d
23500